<?xml version="1.0" encoding="UTF-8"?><?xml-stylesheet type="text/xsl" href="static/style.xsl"?><OAI-PMH xmlns="http://www.openarchives.org/OAI/2.0/" xmlns:xsi="http://www.w3.org/2001/XMLSchema-instance" xsi:schemaLocation="http://www.openarchives.org/OAI/2.0/ http://www.openarchives.org/OAI/2.0/OAI-PMH.xsd"><responseDate>2026-04-14T19:31:45Z</responseDate><request verb="GetRecord" identifier="oai:uvadoc.uva.es:10324/73676" metadataPrefix="marc">https://uvadoc.uva.es/oai/request</request><GetRecord><record><header><identifier>oai:uvadoc.uva.es:10324/73676</identifier><datestamp>2025-02-13T08:07:12Z</datestamp><setSpec>com_10324_1164</setSpec><setSpec>com_10324_931</setSpec><setSpec>com_10324_894</setSpec><setSpec>col_10324_1330</setSpec></header><metadata><record xmlns="http://www.loc.gov/MARC21/slim" xmlns:doc="http://www.lyncode.com/xoai" xmlns:xsi="http://www.w3.org/2001/XMLSchema-instance" xmlns:dcterms="http://purl.org/dc/terms/" xsi:schemaLocation="http://www.loc.gov/MARC21/slim http://www.loc.gov/standards/marcxml/schema/MARC21slim.xsd">
<leader>00925njm 22002777a 4500</leader>
<datafield tag="042" ind1=" " ind2=" ">
<subfield code="a">dc</subfield>
</datafield>
<datafield tag="720" ind1=" " ind2=" ">
<subfield code="a">Zarza Rondón, Gloria de los Ángeles</subfield>
<subfield code="e">author</subfield>
</datafield>
<datafield tag="260" ind1=" " ind2=" ">
<subfield code="c">2011</subfield>
</datafield>
<datafield tag="520" ind1=" " ind2=" ">
<subfield code="a">El artículo que presentamos pretende aclarar distintos datos historiográficos sobre la vida del diputado a Cortes por el Nuevo Reino de Granada, José Mexía de Lequerica. A través de la documentación consultada en los Archivos Históricos, Municipal y Provincial de Cádiz, además del Archivo Parroquial de San Antonio, hemos descubierto cuál fue su verdadera ubicación urbanística, con quiénes compartió el final de su vida, cuáles fueron sus últimas voluntades antes de fallecer, y cómo éstas se llevaron a cabo por sus albaceas testamentarios, ofreciendo así un panorama completo, y hasta ahora desconocido, sobre los últimos años de uno de los diputados hispanoamericanos más trascendentales del Cádiz doceañista.</subfield>
</datafield>
<datafield tag="024" ind2=" " ind1="8">
<subfield code="a">Estudios humanísticos. Historia, Diciembre 2011, n. 10, p. 151-176</subfield>
</datafield>
<datafield tag="024" ind2=" " ind1="8">
<subfield code="a">1696-0300</subfield>
</datafield>
<datafield tag="024" ind2=" " ind1="8">
<subfield code="a">https://uvadoc.uva.es/handle/10324/73676</subfield>
</datafield>
<datafield tag="024" ind2=" " ind1="8">
<subfield code="a">10.18002/ehh.v0i10.3151</subfield>
</datafield>
<datafield tag="024" ind2=" " ind1="8">
<subfield code="a">151</subfield>
</datafield>
<datafield tag="024" ind2=" " ind1="8">
<subfield code="a">10</subfield>
</datafield>
<datafield tag="024" ind2=" " ind1="8">
<subfield code="a">176</subfield>
</datafield>
<datafield tag="024" ind2=" " ind1="8">
<subfield code="a">Estudios Humanísticos. Historia</subfield>
</datafield>
<datafield tag="024" ind2=" " ind1="8">
<subfield code="a">2444-0248</subfield>
</datafield>
<datafield ind1=" " ind2=" " tag="653">
<subfield code="a">Historia</subfield>
</datafield>
<datafield ind1=" " ind2=" " tag="653">
<subfield code="a">Hispanoamérica</subfield>
</datafield>
<datafield ind1=" " ind2=" " tag="653">
<subfield code="a">José Mexía Lequerica</subfield>
</datafield>
<datafield tag="245" ind1="0" ind2="0">
<subfield code="a">La última voluntad del diputado quiteño José Mexía de Lequerica</subfield>
</datafield>
</record></metadata></record></GetRecord></OAI-PMH>